All Aeons in Honkai: Star Rail - Statistics

General Stats
  • This quiz has been taken 939 times
  • The average score is 26 of 36
Answer Stats
Answer % Correct
Destruction
94%
Harmony
92%
Hunt
92%
Nanook
91%
Aha
88%
Trailblaze
88%
Erudition
87%
Preservation
87%
Abundance
85%
Akivili
85%
Elation
85%
Lan
84%
Nihility
83%
Remembrance
83%
IX
80%
Xipe
78%
Nous
77%
Order
76%
Fuli
75%
Propagation
75%
Yaoshi
74%
Qlipoth
72%
Ena
71%
Beauty
63%
HooH
58%
Idrila
58%
Enigmata
57%
Equilibrium
57%
Finality
55%
Voracity
54%
Tayzzyronth
52%
Oroboros
51%
Long
49%
Mythus
49%
Permanence
46%
Terminus
41%
No matching quizzes found
Score Distribution
Percent of People with Each Score
Percentile by Number Answered
Your Score History
You have not taken this quiz